Základy statistiky pro biomedicínské obory /

Hlavní autor: Zvárová, Jana, 1943-2017
Jazyk: Čeština
Vydáno: Praha : Karolinum, 1998
Vydání: 1. vyd.
Edice: Biomedicínská statistika
Témata:
Externí odkaz: Digitalizovaný dokument
Fyzický popis: 218 s. : il. ; 21 cm
Knihy
Uloženo v:
LEADER 01409nam a2200385 a 4500
001 000398499
003 CZ BrMZK
005 20260320120408.0
007 ta
008 980115s1998 xr a e p cze d
015 |a cnb000651782 
020 |a 80-7184-786-0 
035 |a (OCoLC)41831634 
040 |a BOA001  |b cze 
072 7 |a 311  |x Statistika  |2 Konspekt  |9 4 
072 7 |a 37.016  |x Učební osnovy. Vyučovací předměty. Učebnice  |2 Konspekt  |9 22 
080 |a 311  |2 MRF 
080 |a 519.23/.24  |2 MRF 
080 |a (075.8)  |2 MRF 
100 1 |a Zvárová, Jana,  |d 1943-2017  |7 nlk19990074087  |4 aut 
245 1 0 |a Základy statistiky pro biomedicínské obory /  |c Jana Zvárová 
250 |a 1. vyd. 
260 |a Praha :  |b Karolinum,  |c 1998 
300 |a 218 s. :  |b il. ;  |c 21 cm 
490 1 |a Biomedicínská statistika ;  |v 1 
500 |a Bibliogr. 
500 |a Dostupné též v digitální podobě v aplikaci Kramerius 
650 0 7 |a statistika  |7 ph116273  |2 czenas 
650 0 7 |a statistické metody  |7 ph135431  |2 czenas 
655 7 |a učebnice vysokých škol  |7 fd133772  |2 czenas 
830 0 |a Biomedicínská statistika  |0 s 
856 4 1 |u https://www.digitalniknihovna.cz/mzk/uuid/uuid:96f43128-28ea-11f1-b3d9-7eb38507f91c  |y Digitalizovaný dokument  |x NDK 
910 |a BOA001  |b 2-1056.176 
990 |a BK 
996 6 |b 2610087515  |c 2-1056.176  |l MZK  |r Sklad / do 1 hodiny  |n 22  |p p.v.  |w 000398499  |u 000010  |a 1  |e BOA001  |j MZK50  |s P